Central Library OPAC University of Rajshahi

Reflections in a mirror : (Record no. 21809)

MARC details
000 -LEADER
fixed length control field 00735nam a22002531 4500
001 - CONTROL NUMBER
control field 21809
003 - CONTROL NUMBER IDENTIFIER
rucl marc code BD-RjUL
005 - DATE AND TIME OF LATEST TRANSACTION
control field 20211209000730.0
008 - FIXED-LENGTH DATA ELEMENTS--GENERAL INFORMATION
fixed length control field 140305s19541946enk 000 e eng
035 ## - SYSTEM CONTROL NUMBER
System control number (BD-RjUL)21874
System control number (OCoLC)271931
040 ## - CATALOGING SOURCE
Original cataloging agency DLC
Transcribing agency OUrC
Modifying agency OCoLC
-- DLC
-- BD-RjUL
Language of cataloging eng
041 ## - LANGUAGE CODE
Language code of text/sound track or separate title eng
051 ## - LIBRARY OF CONGRESS COPY, ISSUE, OFFPRINT STATEMENT
Classification number PR6025.O645
Item number R42
082 ## - DEWEY DECIMAL CLASSIFICATION NUMBER
Classification number 824.91
Author mark and year MOR 1954
100 1# - MAIN ENTRY--PERSONAL NAME
Personal name Morgan, Charles,
Dates associated with a name 1894-1958.
9 (RLIN) 57459
245 10 - TITLE STATEMENT
Title Reflections in a mirror :
Remainder of title Second series /
Statement of responsibility, etc. Charles Morgan.
260 ## - PUBLICATION, DISTRIBUTION, ETC. (IMPRINT)
Place of publication, distribution, etc. London :
Name of publisher, distributor, etc. Macmillan & co. Ltd,
Date of publication, distribution, etc. 1946 [Reprinted 1954].
300 ## - PHYSICAL DESCRIPTION
Pagination vii, 228 p. ;
Size 23 cm.
650 #0 - SUBJECT ADDED ENTRY--TOPICAL TERM
Topical term or geographic name as entry element English essays
9 (RLIN) 67337
942 ## - ADDED ENTRY ELEMENTS (KOHA)
Source of classification or shelving scheme Dewey Decimal Classification
Koha item type Books
Holdings
Lost status Source of classification or shelving scheme Damaged status Not for loan Collection code Permanent Location Current Location Shelving location Date acquired Source of acquisition Cost, normal purchase price Total Checkouts Full call number Date last seen Copy number Koha item type
  Dewey Decimal Classification     Non-fiction Central Library, University of Rajshahi Central Library, University of Rajshahi   17/02/1965 Zitlinger 10.60   824.91 MOR 1954 05/03/2014 C-2 Books